| 000 | 00452nam a22001817a 4500 | ||
|---|---|---|---|
| 003 | MPLRDC | ||
| 005 | 20220104143823.0 | ||
| 008 | 210129b ||||| |||| 00| 0 eng d | ||
| 020 | _a7-80153-370-4 | ||
| 082 | _a628.75 JXC v.2 | ||
| 100 | _a纪希晨 | ||
| 245 |
_a史无前例的年代. 下 _c |
||
| 250 | _a一版一刷 | ||
| 260 |
_a _b人民日报 _c2001 |
||
| 300 | _b平 | ||
| 650 | _a中国现代史; 民国史 | ||
| 942 |
_cBK _o628.75 JXC v.2 |
||
| 999 |
_c43667 _d43657 |
||